MARC

LEADER 00000cam a22000004a 4500
001 musev2_15071
003 MdBmJHUP
005 20230905041638.0
006 m o d
007 cr||||||||nn|n
008 110720s2011 txu o 00 0 eng d
020 |a 9780292735606 
020 |z 029273560X 
020 |z 9780292725607 
020 |z 0292725604 
035 |a (OCoLC)741751631 
040 |a MdBmJHUP  |c MdBmJHUP 
245 0 0 |a Israeli Cinema :   |b Identities in Motion /   |c edited by Miri Talmon and Yaron Peleg. 
250 |a 1st ed. 
264 1 |a Austin :  |b University of Texas Press,  |c 2011. 
264 3 |a Baltimore, Md. :  |b Project MUSE,   |c 2013 
264 4 |c ©2011. 
300 |a 1 online resource (391 pages):   |b illustrations 
336 |a text  |b txt  |2 rdacontent 
337 |a computer  |b c  |2 rdamedia 
338 |a online resource  |b cr  |2 rdacarrier 
490 0 |a Jewish history, life and culture 
505 0 |a Introduction -- The nation imagined on film. Filming the homeland: cinema in Eretz Israel and the Zionist movement, 1917-1939 / Ariel L. Feldestein -- Helmar Lerski in Israel / Jan-Christopher Horak -- Ecce Homo: The Transfiguration of Israeli Manhood in Israeli Films / Yaron Peleg -- War and Its Aftermath. From Hill to Hill: A Brief History of the Representation of War in Israeli Cinema / Uri S. Cohen -- From Hero to Victim: The Changing Image of the Soldier on the Israeli Screen / Eran Kaplan -- The Lady and the Death Mask / Judd Neeman -- Coping with the Legacy of Death: The War Widow in Israeli Films / Yael Zerubavel -- The Privatization of War Memory in Recent Israeli Cinema / Yael Munk -- An Ethno-Cultural Kaleidoscope. Disjointed Narratives in Contemporary Israeli Films / Nitzan Ben Shaul -- Trajectories of Mizrahi Cinema / Yaron Shemer -- Immigrant Cinema: Russian Israelis on Screens and behind the Cameras / Olga Gershenson -- Holocaust and Trauma. The Holocaust in Israeli Cinema as a Conflict between Survival and Morality / Ilan Avisar -- Near and Far: The Representation of Holocaust Survivors in Israeli Feature Films, 1945-2010 / Liat Steir-Livny -- Homonational Desires: Masculinity and Sexuality in the Cinema of Eytan Fox / Raz Yosef -- Jewish Orthodoxy Revisited. Negotiating Judaism in Contemporary Israeli Cinema: The Spiritual Style of My Father, My Lord / Dan Chyutin -- Seeking the Local, Engaging the Global: Women and Religious Oppression in a Minor Film / Nava Dushi -- Beaufort and My Father, My Lord: Traces of the Binding Myth and the Mother's Voice / Anat Zanger -- Filming the Palestinian Other. The Foreigner Within and the Question of Identity in Fictitious Marriage and Streets of Yesterday -- / sandra meiri -- a rave against the occupation?: speaking for the self and excluding the other in contemporary israeli political cinema / Dorit Naaman -- Borders in Motion: The Evolution of the Portrayal of the Israeli-Palestinian Conflict in Contemporary Israeli Cinema / Yael Ben-Zvi-Morad -- Smashing Up the Face of History: Trauma and Subversion in Kedma and Atash / Nurith Gertz and Gal Hermoni -- New Cinematic Discourses. Discursive Identities in the (R)evolution of the New Israeli Queer Cinema / Gilad Padva -- Kibbutz Films in Transition: From Morality to Ethics / Eldad Kedem -- The End of a World, the Beginning of a New World: The New Discourse of Authenticity and New Versions of Collective Memory in Israeli Cinema / Miri Talmon. 
588 |a Description based on print version record. 
650 7 |a Film.  |2 idszbz 
650 7 |a Motion pictures.  |2 fast  |0 (OCoLC)fst01027285 
650 7 |a Identity (Psychology) in motion pictures.  |2 fast  |0 (OCoLC)fst00966911 
650 7 |a PERFORMING ARTS  |x Film & Video  |x History & Criticism.  |2 bisacsh 
650 7 |a ART  |x Film & Video.  |2 bisacsh 
650 7 |a PERFORMING ARTS  |x Film & Video  |x Reference.  |2 bisacsh 
650 6 |a Identite (Psychologie) au cinema. 
650 0 |a Identity (Psychology) in motion pictures. 
650 0 |a Motion pictures  |z Israel. 
651 7 |a Israel.  |2 idszbz 
651 7 |a Israel  |2 gnd 
651 7 |a Israel.  |2 fast  |0 (OCoLC)fst01204236 
630 0 7 |a Bibel  |p Philemonbrief  |2 gnd 
655 0 |a Electronic book. 
655 7 |a Electronic books.   |2 local 
700 1 |a Peleg, Yaron,  |e editor. 
700 1 |a Talmon, Miri,  |e editor. 
710 2 |a Project Muse.  |e distributor 
830 0 |a Book collections on Project MUSE. 
856 4 0 |z Texto completo  |u https://projectmuse.uam.elogim.com/book/15071/ 
945 |a Project MUSE - Custom Collection 
945 |a Project MUSE - 2011 Complete Supplement 
945 |a Project MUSE - 2011 Film, Theater and Performing Arts Supplement 
945 |a Project MUSE - 2011 Jewish Studies